000 00330nam a22001457a 4500
003 OSt
008 250505b |||||||| |||| 00| 0 eng d
100 _aSWAMI,Tulsiram
245 _aShrimadh Bhagwadgeeta
250 _a12th
260 _aNew Delhi
_bArya Prakashan
_c2012
300 _a168
650 _aGeneral
942 _2ddc
_cBK
999 _c13511
_d13511